书目信息 |
| 题名: |
安全检测技术
|
|
| 作者: | 陈金刚 主编 | |
| 分册: | ||
| 出版信息: | 北京 中国建筑工业出版社 2018.03 |
|
| 页数: | 140页 | |
| 开本: | 26cm | |
| 丛书名: | ||
| 单 册: | ||
| 中图分类: | X924.2 | |
| 科图分类: | ||
| 主题词: | 安全监测--an quan jian ce--技术--教材 | |
| 电子资源: | ||
| ISBN: | 978-7-112-21637-6 | |
| 000 | 00797nam0 2200241 450 | |
| 001 | 0100000944 | |
| 005 | 20190306175629.96 | |
| 010 | @a978-7-112-21637-6@dCNY30.00 | |
| 100 | @a20180418d2018 em y0chiy50 ea | |
| 101 | 0 | @achi |
| 102 | @aCN@b110000 | |
| 105 | @aak a 000yy | |
| 200 | 1 | @a安全检测技术@Aan quan jian ce ji shu@f本书主编陈金刚 |
| 210 | @a北京@c中国建筑工业出版社@d2018.03 | |
| 215 | @a140页@c图@d26cm | |
| 320 | @a有书目 | |
| 330 | @a本书主要内容包括: 绪论、安全检测基础、常用安全检测方法、有毒有害物质检测、生产性粉尘检测、高温作业检测、噪声检测。 | |
| 333 | @a工程力学专业规划教材 | |
| 606 | 0 | @a安全监测@Aan quan jian ce@x技术@j教材 |
| 690 | @aX924.2@v5 | |
| 701 | 0 | @a陈金刚@Achen jin gang@4主编 |
| 801 | 0 | @aCN@c20180901 |
| 905 | @a河南城建学院图书馆@dX924.2@eC471 | |
| 安全检测技术/本书主编陈金刚.-北京:中国建筑工业出版社,2018.03 |
| 140页:图;26cm |
| 使用对象:工程力学专业规划教材 |
| ISBN 978-7-112-21637-6:CNY30.00 |
| 本书主要内容包括: 绪论、安全检测基础、常用安全检测方法、有毒有害物质检测、生产性粉尘检测、高温作业检测、噪声检测。 |
| ● |
| 相关链接 |
|
|
|
正题名:安全检测技术
索取号:X924.2/C471
 
预约/预借
| 序号 | 登录号 | 条形码 | 馆藏地/架位号 | 状态 | 备注 |
| 1 | 1302069 | 213020693 | 自科库501/501自科库 119排2列5层/ [索取号:X924.2/C471] | 在馆 | |
| 2 | 1379830 | 213798309 | 自科库501/501自科库 119排2列5层/ [索取号:X924.2/C471] | 在馆 | |
| 3 | 1379831 | 213798318 | 自科库501/501自科库 119排2列5层/ [索取号:X924.2/C471] | 在馆 |